Central Library OPAC University of Rajshahi

Publishing and bookselling : (Record no. 73677)

MARC details
000 -LEADER
fixed length control field 01339nam a2200325 a 4500
001 - CONTROL NUMBER
control field 73677
003 - CONTROL NUMBER IDENTIFIER
rucl marc code BD-RjUL
005 - DATE AND TIME OF LATEST TRANSACTION
control field 20211209082429.0
008 - FIXED-LENGTH DATA ELEMENTS--GENERAL INFORMATION
fixed length control field 170606s1956 enka b 001 0 eng
035 ## - SYSTEM CONTROL NUMBER
System control number (BD-RjUL)73895
040 ## - CATALOGING SOURCE
Original cataloging agency DLC
Transcribing agency PU
Modifying agency BD-RjUL
Language of cataloging eng
041 ## - LANGUAGE CODE
Language code of text/sound track or separate title eng
082 ## - DEWEY DECIMAL CLASSIFICATION NUMBER
Classification number 655.442
Edition number 23
Author mark and year MUP 1956
100 1# - MAIN ENTRY--PERSONAL NAME
Personal name Mumby, Frank Arthur,
Dates associated with a name 1872-1954.
9 (RLIN) 218088
245 10 - TITLE STATEMENT
Title Publishing and bookselling :
Remainder of title a history from the earliest times to the present day /
Statement of responsibility, etc. by Frank Arthur Mumby.
250 ## - EDITION STATEMENT
Edition statement 4th ed.
260 ## - PUBLICATION, DISTRIBUTION, ETC. (IMPRINT)
Place of publication, distribution, etc. London :
Name of publisher, distributor, etc. Jonathan Cape,
Date of publication, distribution, etc. 1956.
300 ## - PHYSICAL DESCRIPTION
Pagination 442 p. :
Illustrations ill. ;
Size 23 cm.
500 ## - GENERAL NOTE
General note "Printed in Great Britain by J. and J. Gray, Edinburgh."
General note Published 1910 with title: The romance of book selling. Revised and re-written in 1930 under present title.
General note "Distributed in U.S.A. by R.R. Bowker Company."
General note Includes index.
504 ## - BIBLIOGRAPHY, ETC. NOTE
Bibliography, etc "Bibliography of publishing and bookselling / by William Peet." : p. 373-415.
650 #0 - SUBJECT ADDED ENTRY--TOPICAL TERM
Topical term or geographic name as entry element Booksellers and bookselling
Geographic subdivision Great Britain.
9 (RLIN) 218089
Topical term or geographic name as entry element Publishers and publishing
Geographic subdivision Great Britain.
9 (RLIN) 218090
Topical term or geographic name as entry element Booksellers and bookselling
General subdivision Bibliography.
9 (RLIN) 218091
Topical term or geographic name as entry element Publishers and publishing
General subdivision Bibliography.
9 (RLIN) 218092
700 1# - ADDED ENTRY--PERSONAL NAME
Personal name Peet, W. H.
Fuller form of name (William Henry),
Dates associated with a name 1840-1916.
942 ## - ADDED ENTRY ELEMENTS (KOHA)
Source of classification or shelving scheme Dewey Decimal Classification
Koha item type Books
Holdings
Lost status Source of classification or shelving scheme Damaged status Not for loan Collection code Permanent Location Current Location Shelving location Date acquired Source of acquisition Cost, normal purchase price Total Checkouts Full call number Date last seen Copy number Koha item type
  Dewey Decimal Classification   Not For Loan Non-fiction Central Library, University of Rajshahi Central Library, University of Rajshahi Reading Room 16/02/1963 Zeitlinger 35.00   655.442 MUP 1956 06/06/2017 C-1 Books